Risk management for registered social landlords in England (Record no. 72031)
[ view plain ]
| 000 -LEADER | |
|---|---|
| fixed length control field | 00950cam a2200217 4500 |
| 001 - CONTROL NUMBER | |
| control field | ABS66354 |
| 008 - FIXED-LENGTH DATA ELEMENTS--GENERAL INFORMATION | |
| fixed length control field | 030203n2003 000 0 eng u |
| 035 ## - SYSTEM CONTROL NUMBER | |
| System control number | (Sirsi) u121211 |
| 100 ## - MAIN ENTRY--PERSONAL NAME | |
| Personal name | Goulding, J. |
| 245 ## - TITLE STATEMENT | |
| Title | Risk management for registered social landlords in England |
| 260 ## - PUBLICATION, DISTRIBUTION, ETC. | |
| Date of publication, distribution, etc. | 2003 |
| 490 ## - SERIES STATEMENT | |
| Series statement | Housing |
| Volume/sequential designation | December/January 2003, 44-45(2) |
| 520 ## - SUMMARY, ETC. | |
| Summary, etc. | Provides a definition of risk and risk management for registered social landlords (RSLs), and looks at the Housing Corporation's (HC) regulatory code and guidance. Outlines the risk management process and give details of HC's advisory publications on risk management. Concludes that risk assessment will become an increasingly important activity for RSLs. References. |
| 590 ## - LOCAL NOTE (RLIN) | |
| Local note | ABS |
| 650 ## - SUBJECT ADDED ENTRY--TOPICAL TERM | |
| Topical term or geographic name entry element | HOUSING CORPORATION |
| 650 ## - SUBJECT ADDED ENTRY--TOPICAL TERM | |
| Topical term or geographic name entry element | RISK MANAGEMENT |
| 650 ## - SUBJECT ADDED ENTRY--TOPICAL TERM | |
| Topical term or geographic name entry element | RISK ASSESSMENT |
| 650 ## - SUBJECT ADDED ENTRY--TOPICAL TERM | |
| Topical term or geographic name entry element | REGISTERED SOCIAL LANDLORDS |
| 690 ## - LOCAL SUBJECT ADDED ENTRY--TOPICAL TERM (OCLC, RLIN) | |
| Topical term or geographic name as entry element | Affordable housing |
| 9 (RLIN) | 6215 |
| 942 ## - ADDED ENTRY ELEMENTS (KOHA) | |
| Suppress in OPAC | 0 |
| Withdrawn status | Lost status | Source of classification or shelving scheme | Damaged status | Not for loan | Home library | Current library | Shelving location | Date acquired | Total Checkouts | Full call number | Barcode | Date last seen | Copy number | Price effective from | Koha item type |
|---|---|---|---|---|---|---|---|---|---|---|---|---|---|---|---|
| Dewey Decimal Classification | London | London | Journal article | 03/02/2003 | ABS66354 | 121211-1001 | 06/08/2019 | 1 | 06/08/2019 | Journal article |